| 000 | nam a22 7a 4500 | ||
|---|---|---|---|
| 999 |
_c356110 _d356110 |
||
| 003 | ASAB | ||
| 005 | 20180124175222.0 | ||
| 008 | 180123b xxu||||| |||| 00| 0 eng d | ||
| 020 | _a978-81-203-3160-0 | ||
| 040 |
_aASAB _cASAB |
||
| 082 | _a628.5 | ||
| 100 |
_aA.K. Chatterji _99581 |
||
| 245 |
_aIntroduction to environmental biotechnology _cA.K. Chatterji |
||
| 250 | _aSecond Edition | ||
| 260 |
_aNew Delhi _bPHI Learning private limited _c2009 |
||
| 300 | _a197 P. | ||
| 630 |
_aEnvironmental Biotechnology _99582 |
||
| 630 |
_aBiotechnology _93368 |
||
| 942 |
_2ddc _cBK |
||